INBio Instituto Nacional de Biodiversidad (Registro nro. 492)

Detalles MARC
000 -CABECERA
Campo de control 00761nam a2200241 a 4500
090 ## - CLASIFICACIÓN LOCAL
Colección LB
Consecutivo 00473
041 ## - IDIOMA
Código de idioma para texto/pista de sonido o título separado Español
100 ## - ASIENTO PRINCIPAL--NOMBRE PERSONAL
Nombre personal Zeledón, Rodrigo
110 ## - ASIENTO PRINCIPAL--NOMBRE CORPORATIVO
Unidad subordinad Instituto Nacional de Biodiversidad
245 ## - MENCION DE TITULO
Título INBio Instituto Nacional de Biodiversidad
Parte restante del título memoria anual 1996
260 ## - PUBLICACION, DISTRIBUCION, ETC. (PIE DE IMPRENTA)
Lugar de publicación, distribución, etc. Heredia
Nombre del editor, distribuidor, etc. INBio
Fecha de publicación, distribución, etc. 1997
300 ## - DESCRIPCION FISICA
Extensión 4 vol.
505 ## - NOTA DE CONTENIDO
Nota de contenido Vol. 1: Memorial anual 1996
505 ## - NOTA DE CONTENIDO
Nota de contenido Vol. 2: INBIO: información general
505 ## - NOTA DE CONTENIDO
Nota de contenido Vol. 3: Annual report 1999
505 ## - NOTA DE CONTENIDO
Nota de contenido Vol. 4: Memoria anual 1995
505 ## - NOTA DE CONTENIDO
Nota de contenido Vol. 5: Memorias annual report 2003
650 ## - ASIENTO SECUNDARIO DE MATERIA - TERMINO TEMATICO
Término temático o nombre geográfico como elemento de entrada Biodiversidad
650 ## - ASIENTO SECUNDARIO DE MATERIA - TERMINO TEMATICO
Término temático o nombre geográfico como elemento de entrada Desarrollo institucional
650 ## - ASIENTO SECUNDARIO DE MATERIA - TERMINO TEMATICO
Término temático o nombre geográfico como elemento de entrada Apoyo institucional
650 ## - ASIENTO SECUNDARIO DE MATERIA - TERMINO TEMATICO
Término temático o nombre geográfico como elemento de entrada Gestión ambiental
942 ## - ELEMENTOS ADICIONALES (KOHA)
Tipo de ítem
Existencias
Withdrawn status Lost status Sistema de Clasificación Damaged status No para préstamo Colección Inventariado Ubicación Permanente Ubicación actual Fecha de adquisición Fuente de Valor Valor Total Checkouts Número topográfico Inventario / Código de Barras Date last seen Ejemplar Price effective from Forma de adquisición Tipo de material
    Dewey Decimal Classification     General Inventariado 2017 Sala Fabio Quevedo Sala Fabio Quevedo 17/05/2001 Instituto 39000.00   LB-00473 000707 04/12/2012 V.3 Ej.1 04/12/2012 Donación Libro
    Local     General Inventariado 2017 Sala Fabio Quevedo Sala Fabio Quevedo 24/06/2005 Instituto 39000.00   LB-00473 019206 04/12/2012 V.5 Ej.1 04/12/2012 Donación Libro